| 000 | 00570cam a22002291 4500 | ||
|---|---|---|---|
| 001 | sa 64008294 | ||
| 003 | DLC | ||
| 005 | 20260227112053.0 | ||
| 008 | 890925s1964 io 000 0 ind | ||
| 010 | _asa 64008294 | ||
| 035 | _a(OCoLC)23546248 | ||
| 040 |
_aDLC _cMiU _dDLC |
||
| 042 | _apremarc | ||
| 050 | 0 | 0 |
_aBP178 _b.A4 1964 |
| 100 | 1 | _aAlaydrus, Ali. | |
| 245 | 1 | 0 | _aImaduddin. |
| 250 | _aTjet. 12. | ||
| 260 |
_aDjakarta, _bS. Ali Alaydrus [cover _c1964] |
||
| 300 |
_a48 p. _billus. _c13 cm. |
||
| 500 | _aAt head of title: # | ||
| 650 | 0 |
_aPrayer _xIslam |
|
| 999 |
_c60793 _d60793 |
||